000 00156nam a22000857a 4500
082 _a823
100 _aTILTON, LOIS
245 _aSTAR TREK BETRAYAL
942 _cBK
999 _c8106
_d8106